Aglomeración de minerales de hierro
Guardado en:
| Autor principal: | |
|---|---|
| Formato: | Desconocido |
| Publicado: |
[San José, Costa Rica]
1976
|
| Etiquetas: |
Agregar Etiqueta
Sin Etiquetas, Sea el primero en etiquetar este registro!
|
MARC
| LEADER | 00000 a2200000 4500 | ||
|---|---|---|---|
| 003 | 011037 | ||
| 005 | 20221231143803.0 | ||
| 008 | 140114s1975 c a m 000 ||s d | ||
| 040 | |c cru CEDI | ||
| 090 | |a TFG 086 | ||
| 100 | |a Jiménez Chacón, Ronald |9 17183 | ||
| 245 | |a Aglomeración de minerales de hierro | ||
| 260 | |c 1976 |a [San José, Costa Rica] | ||
| 300 | |a (paginación variada) ;ilustraciones | ||
| 500 | |a A la cabeza de la portada. Proyecto de Graduación. Universidad de Costa Rica. Facultad de Ingeniería. Escuela de Ingeniería Mecánica | ||
| 501 | |a Ed. mimeografiada | ||
| 942 | |c TFG | ||
| 999 | |c 11970 |d 11970 | ||
